[Event "ESP-ch U10 rapid"]
[Site "Salobrena"]
[Date "2024.07.06"]
[Round "2"]
[White "Perez Ruiz, Diego"]
[Black "Luque Granell, Eloi"]
[Result "1-0"]
[WhiteElo "1617"]
[BlackElo "1482"]
[PlyCount "115"]
[EventDate "2024.07.06"]
[EventType "swiss (rapid)"]
[EventRounds "9"]
[EventCountry "ESP"]
[SourceTitle "EXT 2025"]
[Source "ChessBase"]
[SourceDate "2024.10.14"]
[SourceVersion "1"]
[SourceVersionDate "2024.10.14"]
[SourceQuality "1"]

1. e4 c5 2. Nf3 Nc6 3. d4 cxd4 4. Nxd4 g6 5. Nc3 Bg7 6. Be3 Nf6 7. f3 d6 8. Qd2 Bd7 9. Bc4 0-0 10. Bb3 Qc7 11. Nxc6 Qxc6 12. Bh6 Nh5 13. g4 Nf6 14. h4 d5 15. Bxg7 Kxg7 16. exd5 Qc7 17. 0-0-0 e6 18. dxe6 Bxe6 19. Bxe6 fxe6 20. h5 gxh5 21. Qg5+ Kf7 22. Ne4 Nxe4 23. fxe4 Rac8 24. c3 Ke8 25. Qxh5+ Qf7 26. Qxh7 Qf4+ 27. Kb1 Qf7 28. g5 Qxh7 29. Rxh7 Rd8 30. Rxd8+ Kxd8 31. g6 Rg8 32. g7 Ke7 33. Kc2 Kf7 34. Kd3 Rxg7 35. Rxg7+ Kxg7 36. Kd4 Kf6 37. e5+ Ke7 38. Kc5 Kd7 39. b4 b6+ 40. Kb5 Kc7 41. c4 Kb7 42. c5 a6+ 43. Kc4 Kc6 44. cxb6 Kxb6 45. a4 Kc6 46. b5+ axb5+ 47. axb5+ Kb6 48. Kb4 Kb7 49. Kc5 Kc7 50. b6+ Kd7 51. b7 Kc7 52. b8Q+ Kxb8 53. Kd6 Kc8 54. Kxe6 Kd8 55. Kf7 Kc8 56. e6 Kd8 57. e7+ Kd7 58. e8Q+ 1-0

[Event "ESP-ch U10"]
[Site "Salobrena"]
[Date "2024.07.01"]
[Round "1"]
[White "Luque Granell, Eloi"]
[Black "Caballero Mogilnikov, Liam"]
[Result "0-1"]
[WhiteElo "1474"]
[BlackElo "1828"]
[PlyCount "44"]
[EventDate "2024.07.01"]
[EventType "swiss"]
[EventRounds "9"]
[EventCountry "ESP"]
[SourceTitle "EXT 2025"]
[Source "ChessBase"]
[SourceDate "2024.10.14"]
[SourceVersion "1"]
[SourceVersionDate "2024.10.14"]
[SourceQuality "1"]

1. e4 c5 2. Nf3 d6 3. d4 cxd4 4. Nxd4 Nf6 5. Nc3 a6 6. Bc4 e6 7. Bb3 Be7 8. 0-0 0-0 9. Be3 Nc6 10. Qd2 Ng4 11. Rad1 Nxe3 12. Qxe3 Bf6 13. Nxc6 bxc6 14. Ba4 Qc7 15. Qd3 Rd8 16. Qc4 c5 17. Rfe1 Rb8 18. Bb3 Rb4 19. Qd3 c4 20. Qd2 cxb3 21. axb3 Rd4 22. Qe2 Rxd1 0-1

[Event "EU-ch Schools U11"]
[Site "Limerick"]
[Date "2024.06.04"]
[Round "6"]
[White "Koukola, Stepan"]
[Black "Luque Granell, Eloi"]
[Result "1/2-1/2"]
[WhiteElo "1470"]
[BlackElo "1520"]
[PlyCount "48"]
[EventDate "2024.05.31"]
[EventType "swiss"]
[EventRounds "9"]
[EventCountry "IRL"]
[SourceTitle "CBM 220 Extra"]
[Source "ChessBase"]
[SourceDate "2024.07.31"]
[SourceVersion "1"]
[SourceVersionDate "2024.07.31"]
[SourceQuality "1"]

1. e4 c5 2. Nf3 Nc6 3. d4 cxd4 4. Nxd4 g6 5. Nc3 Bg7 6. Be3 Nf6 7. Bc4 e6 8. Bb3 0-0 9. 0-0 Nxd4 10. Bxd4 d5 11. exd5 exd5 12. Bxf6 Bxf6 13. Nxd5 Bxb2 14. Rb1 Bg7 15. Qf3 Be6 16. Rfd1 Qg5 17. h3 Rac8 18. Ne3 Bxb3 19. axb3 b6 20. Rd3 Rc3 21. Rbd1 Rxd3 22. Rxd3 Rd8 23. Nd5 Re8 24. Rd1 Qe5 1/2-1/2

[Event "EU-ch Schools U11"]
[Site "Limerick"]
[Date "2024.06.01"]
[Round "2"]
[White "Eshkol, Idan"]
[Black "Luque Granell, Eloi"]
[Result "1-0"]
[WhiteElo "1525"]
[BlackElo "1520"]
[PlyCount "59"]
[EventDate "2024.05.31"]
[EventType "swiss"]
[EventRounds "9"]
[EventCountry "IRL"]
[SourceTitle "CBM 220 Extra"]
[Source "ChessBase"]
[SourceDate "2024.07.31"]
[SourceVersion "1"]
[SourceVersionDate "2024.07.31"]
[SourceQuality "1"]

1. e4 c5 2. Nf3 Nc6 3. Nc3 g6 4. d4 cxd4 5. Nxd4 Bg7 6. Be3 Qb6 7. Nb3 Qc7 8. Nd5 Qd8 9. Nd4 e6 10. Nc3 Nge7 11. h4 d5 12. Nxc6 Bxc3+ 13. bxc3 Nxc6 14. exd5 exd5 15. Bh6 Qe7+ 16. Be2 Qc5 17. Qd2 Qd6 18. Rb1 Qe5 19. Rb5 Be6 20. Rxb7 d4 21. 0-0 0-0-0 22. Bf4 dxc3 23. Bxe5 Rxd2 24. Rc7+ Kd8 25. Rxc6 Rxe2 26. Bxh8 Rxc2 27. Rxc3 Rxa2 28. Bf6+ Kd7 29. Rd1+ Ke8 30. Rd8# 1-0